书目信息 |
| 题名: |
实用免疫学新技术
|
|
| 作者: | 钱玉昆 等主编 | |
| 分册: | ||
| 出版信息: | 北京医科大中国协和医科大联合出版社 1994.09 |
|
| 页数: | 122页 | |
| 开本: | 16开 | |
| 丛书名: | ||
| 单 册: | ||
| 中图分类: | R392-33 | |
| 科图分类: | ||
| 主题词: | 医药学:免疫学 | |
| 电子资源: | ||
| ISBN: | 7-81034-393-9 | |
| 000 | 00567nam0 2200181 45 | |
| 001 | 9911301546 | |
| 005 | 19991130153257.6 | |
| 010 | @a7-81034-393-9@d8.60 | |
| 100 | @a19991130d1994 km y0chiy0120 ea | |
| 101 | @achi | |
| 105 | @a z 000yy | |
| 200 | 1 | @a实用免疫学新技术@AShi Yong Mian Yi Xue Xin Ji Shu@f钱玉昆 等主编@FQian Yu Kun Deng Zhu Bian |
| 210 | @c北京医科大中国协和医科大联合出版社@d1994.09 | |
| 215 | @a122页@c无图表@d16开 | |
| 606 | 0 | @a医药学:免疫学 |
| 690 | @aR392-33@v3 | |
| 801 | @aCN@bPerfectUser@c19991130 | |
| 905 | @aBZT@b47218-219@f7@dR392-33@e1 | |
| 实用免疫学新技术/钱玉昆 等主编.-北京医科大中国协和医科大联合出版社,1994.09 |
| 122页:无图表;16开 |
| ISBN 7-81034-393-9:8.60 |
| ● |
| 相关链接 |
|
|
|
正题名:实用免疫学新技术
索取号:R392-33/1
 
预约/预借
| 序号 | 登录号 | 条形码 | 馆藏地/架位号 | 状态 | 备注 |
| 1 | 47218 | 200185263 | 中心书库中库/ 中库006架B面4列5层30/ [索取号:R392-33/1] | 在馆 | |
| 2 | 47219 | 200185254 | 中心书库中库/ 中库006架B面4列5层31/ [索取号:R392-33/1] | 在馆 | |
| 3 | 48230 | 200185245 | 中心书库中库/ 中库006架B面4列5层32/ [索取号:R392-33/1] | 在馆 | |
| 4 | 48231 | 200185165 | 中心书库中库/ 中库006架B面4列5层33/ [索取号:R392-33/1] | 在馆 | |
| 5 | 48232 | 200185183 | 中心书库中库/ 中库006架B面4列5层34/ [索取号:R392-33/1] | 在馆 | |
| 6 | 48233 | 200185209 | 中心书库中库/ 中库006架B面4列3层45/ [索取号:R392-33/1] | 在馆 | |
| 7 | 48234 | 200185227 | 中心书库中库/ 中库006架B面4列5层35/ [索取号:R392-33/1] | 在馆 |